[Event "Sparkassen Chess Trophy 2022 A-Open"]
[Site "Dortmund"]
[Date "2024.08.12"]
[Round "3"]
[White "Zimmermann, Luc"]
[Black "Conrad, Joachim"]
[Result "1/2-1/2"]
[WhiteElo "2095"]
[BlackElo "1994"]
[PlyCount "41"]
[EventDate "2024.08.10"]

1. e4 d6 2. d4 Nf6 3. Nc3 e5 4. dxe5 dxe5 5. Qxd8+ Kxd8 6. Bc4 Ke8 7. Nf3 Bd6 8. Be3 a6 9. a4 Be6 10. Bxe6 fxe6 11. h3 Nc6 12. O-O-O Ke7 13. Nd2 Na5 14. f3 Rhb8 15. b3 b5 16. Kb2 c5 17. axb5 axb5 18. Rc1 c4 19. Ne2 cxb3 20. cxb3 Bb4 21. Rhd1 1/2-1/2

[Event "Sparkassen Chess Trophy 2022 A-Open"]
[Site "Dortmund"]
[Date "2024.08.12"]
[Round "3"]
[White "Neumair, Jerome"]
[Black "Thompson, Ian D"]
[Result "1-0"]
[WhiteElo "2091"]
[BlackElo "2003"]
[PlyCount "58"]
[EventDate "2024.08.10"]

1. d4 d5 2. c4 c6 3. Nc3 Nf6 4. e3 e6 5. Nf3 Nbd7 6. Be2 Bd6 7. O-O O-O 8. a4 b6 9. Qc2 Bb7 10. e4 Nxe4 11. Nxe4 dxe4 12. Qxe4 Nf6 13. Qh4 c5 14. Bd3 Bxf3 15. gxf3 Be7 16. d5 g6 17. Bh6 Re8 18. Rad1 exd5 19. cxd5 Nh5 20. Qg4 Bd6 21. Bb5 Re7 22. Bg5 f6 23. Bh4 Qf8 24. Rfe1 Rd8 25. Bg3 Nxg3 26. hxg3 Kg7 27. Kg2 f5 28. Qh3 Qf6 29. Rh1 Rh8 {Erfassung abgebrochen - unleserlich} 1-0

[Event "Sparkassen Chess Trophy 2022 A-Open"]
[Site "Dortmund"]
[Date "2024.08.12"]
[Round "3"]
[White "Xue, Luka"]
[Black "Menzel, Maximilian"]
[Result "0-1"]
[WhiteElo "1992"]
[BlackElo "2164"]
[PlyCount "60"]
[EventDate "2024.08.10"]

1. d4 Nf6 2. c4 e6 3. Nc3 Bb4 4. e3 O-O 5. Bd3 d5 6. Nf3 c5 7. cxd5 cxd4 8. exd4 Nxd5 9. O-O Nxc3 10. bxc3 Be7 11. Bc2 Nc6 12. Qd3 g6 13. Bh6 Re8 14. Rfe1 b6 15. h4 Bb7 16. h5 Qd5 17. hxg6 hxg6 18. Rab1 Qh5 19. Bf4 Kg7 20. Re3 Bf6 21. Bd1 Ne7 22. Ne5 Qf5 23. Qxf5 Nxf5 24. Rh3 Be4 25. Rb3 g5 26. Bh2 Rac8 27. Bf3 Bxf3 28. Rxf3 Nxd4 29. Rxf6 Kxf6 30. Ng4+ Ke7 0-1

[Event "Sparkassen Chess Trophy 2022 A-Open"]
[Site "Dortmund"]
[Date "2024.08.12"]
[Round "3"]
[White "Stegert, Jonas"]
[Black "Mainka, Alwin"]
[Result "1-0"]
[WhiteElo "1945"]
[BlackElo "2240"]
[PlyCount "93"]
[EventDate "2024.08.10"]

1. d4 Nf6 2. c4 g6 3. Nc3 d5 4. Bf4 Bg7 5. e3 O-O 6. cxd5 Nxd5 7. Nxd5 Qxd5 8. Bxc7 Na6 9. Bxa6 Qxg2 10. Qf3 Qxf3 11. Nxf3 bxa6 12. Rc1 f6 13. O-O Bb7 14. Nd2 e5 15. dxe5 fxe5 16. Nc4 Rf5 17. Rfd1 Rg5+ 18. Kf1 Bg2+ 19. Ke1 Rh5 20. Rd7 Rf8 21. Bd6 Ra8 22. Nd2 Bf6 23. Rcc7 e4 24. b3 Rd5 25. Bb4 Be5 26. Rxa7 Rxd7 27. Rxd7 a5 28. Bc5 Rc8 29. Bd4 Bxd4 30. Rxd4 Rc1+ 31. Ke2 Rc2 32. Kd1 Rxa2 33. Ra4 Rxa4 34. bxa4 Kf7 35. Nc4 Ke6 36. Nxa5 Bf1 37. Kd2 h5 38. Kc3 Kd5 39. Kb4 Ba6 40. Nb3 Bb7 41. a5 g5 42. Kb5 h4 43. Kb6 Ba8 44. Nc5 Kc4 45. a6 Kc3 46. Nb7 Kd2 47. Ka7 1-0

[Event "Sparkassen Chess Trophy 2022 A-Open"]
[Site "Dortmund"]
[Date "2024.08.12"]
[Round "3"]
[White "Van Amerongen, Arjen"]
[Black "Mainka, Romuald"]
[Result "1/2-1/2"]
[WhiteElo "2011"]
[BlackElo "2370"]
[PlyCount "65"]
[EventDate "2024.08.10"]

1. d4 Nf6 2. Bf4 d6 3. Nc3 g6 4. e4 Bg7 5. Qd2 h6 6. h4 c6 7. O-O-O b5 8. f3 Nfd7 9. e5 b4 10. Nb1 dxe5 11. dxe5 e6 12. Qxb4 Qb6 13. Qd6 Qa5 14. Qa3 Qxa3 15. Nxa3 Nxe5 16. Nc4 Nxc4 17. Bxc4 Nd7 18. Bd6 a5 19. Nh3 Nb6 20. Bd3 Ba6 21. Be4 Nd5 22. Rhe1 O-O-O 23. Bc5 Kc7 24. c3 Bc4 25. Kc2 a4 26. b3 Ba6 27. c4 Nb6 28. Nf4 e5 29. Ne2 f5 30. Bd3 Nd7 31. Bf2 Bf8 32. Nc3 a3 33. h5 1/2-1/2

[Event "Sparkassen Chess Trophy 2022 A-Open"]
[Site "Dortmund"]
[Date "2024.08.12"]
[Round "3"]
[White "Hirzel, Cedric"]
[Black "Sondermann, Dirk"]
[Result "1-0"]
[WhiteElo "2116"]
[BlackElo "1918"]
[PlyCount "51"]
[EventDate "2024.08.10"]

1. d4 Nf6 2. c4 c5 3. d5 b5 4. cxb5 a6 5. Nc3 g6 6. e4 d6 7. Nf3 Bg7 8. a4 O-O 9. Ra3 axb5 10. Bxb5 Ba6 11. Bxa6 Nxa6 12. O-O Nb4 13. h3 Nd7 14. Be3 Qa5 15. Qe2 Rfb8 16. Rc1 Na6 17. Bg5 Re8 18. Nd2 Rab8 19. Nc4 Qb4 20. Nb5 Rxb5 21. axb5 Qxb5 22. Ra5 Qb7 23. Nxd6 exd6 24. Qxa6 Qxb2 25. Qc6 Bd4 26. Re1 1-0

[Event "Sparkassen Chess Trophy 2022 A-Open"]
[Site "Dortmund"]
[Date "2024.08.12"]
[Round "3"]
[White "Ranieri, Pierpaolo"]
[Black "Malinowsky, Levi"]
[Result "1-0"]
[WhiteElo "1909"]
[BlackElo "2006"]
[PlyCount "71"]
[EventDate "2024.08.10"]

1. d4 Nf6 2. c4 g6 3. Nc3 d5 4. Nf3 Bg7 5. Qb3 e6 6. Bg5 c6 7. e3 Nbd7 8. Be2 O-O 9. O-O b6 10. Rac1 Bb7 11. a4 a6 12. cxd5 exd5 13. Ne5 b5 14. h4 Re8 15. Nxd7 Qxd7 16. axb5 axb5 17. Nxd5 Ne4 18. Rc2 cxd5 19. Bxb5 Qf5 20. Bxe8 Rxe8 21. Qxb7 Nxg5 22. Qc6 Nh3+ 23. gxh3 Re6 24. Qa8+ Bf8 25. Rc8 Qxh3 26. Rxf8+ Kg7 27. Rg8+ Kh6 28. Qf8+ Kh5 29. Qd8 Qg4+ 30. Kh2 Rxe3 31. Qxd5+ Kxh4 32. fxe3 Qg3+ 33. Kh1 Qh3+ 34. Kg1 Qxe3+ 35. Rf2 Qg5+ 36. Qxg5+ 1-0

[Event "Sparkassen Chess Trophy 2022 A-Open"]
[Site "Dortmund"]
[Date "2024.08.12"]
[Round "3"]
[White "Bernig Le Duigou, Vincent"]
[Black "Metzdorf, Matteo"]
[Result "1-0"]
[WhiteElo "1876"]
[BlackElo "2098"]
[PlyCount "93"]
[EventDate "2024.08.10"]

1. d4 Nf6 2. c4 e6 3. Nc3 d5 4. cxd5 exd5 5. Qc2 Be7 6. Bg5 c6 7. e3 O-O 8. Bd3 Nbd7 9. Nge2 Re8 10. O-O Nf8 11. Rab1 g6 12. f3 Ne6 13. Bh4 b5 14. b4 a5 15. a3 Bb7 16. Kh1 axb4 17. axb4 Nd7 18. Bxe7 Rxe7 19. e4 Nb6 20. e5 Nc4 21. Bxc4 bxc4 22. f4 Bc8 23. f5 Nf8 24. Ng3 Rb7 25. f6 Ne6 26. Qd2 Qf8 27. b5 Bd7 28. Ra1 Ra3 29. Rfb1 Rb3 30. Rxb3 cxb3 31. Ra6 b2 32. Qxb2 Nxd4 33. b6 Ne6 34. Qa1 Nc5 35. Ra8 Bc8 36. Qa5 Nb3 37. Qa3 Nc5 38. Na4 Nd7 39. Qxf8+ Nxf8 40. Rxc8 d4 41. Nc5 Rxb6 42. Rxf8+ Kxf8 43. Nd7+ Ke8 44. Nxb6 d3 45. Ne4 Kd8 46. Kg1 Kc7 47. e6 1-0

[Event "Sparkassen Chess Trophy 2022 A-Open"]
[Site "Dortmund"]
[Date "2024.08.12"]
[Round "3"]
[White "Berresheim, Nils"]
[Black "Gasper, Joern"]
[Result "0-1"]
[WhiteElo "1838"]
[BlackElo "2000"]
[PlyCount "80"]
[EventDate "2024.08.10"]

1. d4 Nf6 2. c4 e6 3. Nf3 d5 4. cxd5 exd5 5. Nc3 c6 6. Bg5 h6 7. Bh4 Be7 8. Qc2 g6 9. e3 Bf5 10. Bd3 Bxd3 11. Qxd3 Nbd7 12. Ne5 Nxe5 13. dxe5 Nd7 14. e6 Bxh4 15. exd7+ Kf8 16. O-O Bf6 17. e4 Qxd7 18. exd5 Kg7 19. Rad1 c5 20. Ne4 Bxb2 21. Nxc5 Qc7 22. Ne4 Rhd8 23. d6 Qa5 24. Rb1 Qa3 25. Qb5 Bf6 26. Rb3 Qxa2 27. Qb4 a5 28. Qb6 a4 29. Rf3 Be5 30. Qxb7 Rab8 31. Qa7 Rb1 32. Re3 Qa1 33. Nd2 Rxf1+ 34. Nxf1 Rxd6 35. Qc5 Re6 36. Rd3 Bf6 37. Ra3 Qd1 38. Re3 Rxe3 39. fxe3 Qb1 40. Kf2 Qb2+ 0-1

[Event "Sparkassen Chess Trophy 2022 A-Open"]
[Site "Dortmund"]
[Date "2024.08.12"]
[Round "3"]
[White "Janssen, Thorben"]
[Black "Gallas, Noel"]
[Result "0-1"]
[WhiteElo "1920"]
[BlackElo "2053"]
[PlyCount "90"]
[EventDate "2024.08.10"]

1. e4 e5 2. Bc4 Nc6 3. Nc3 Nf6 4. d3 h6 5. f4 Bc5 6. f5 Na5 7. Qf3 Qe7 8. g4 Nxc4 9. dxc4 Bb4 10. Nge2 b5 11. cxb5 Bb7 12. Bd2 O-O-O 13. O-O-O d5 14. Nxd5 Nxd5 15. exd5 Rxd5 16. Bxb4 Qg5+ 17. Rd2 Rxd2 18. Bxd2 Bxf3 19. Bxg5 Bxh1 20. Be3 Bf3 21. Ng3 Bxg4 22. Bxa7 h5 23. h4 Rd8 24. b4 Rd1+ 25. Kb2 Rd2 26. b6 Rg2 27. Ne4 Bxf5 28. Nc5 cxb6 29. Bxb6 Bxc2 30. Kc3 e4 31. Kd4 f5 32. Ne6 Rd2+ 33. Kc3 Rd6 34. Nxg7 Rxb6 35. Kxc2 f4 36. Nxh5 f3 37. Kd2 Rxb4 38. Ke3 Kd7 39. Ng3 Ke6 40. h5 Kf6 41. Kf4 Ra4 42. Kg4 Ke5 43. h6 Ra8 44. Kg5 Rg8+ 45. Kh4 e3 0-1

[Event "Sparkassen Chess Trophy 2022 A-Open"]
[Site "Dortmund"]
[Date "2024.08.12"]
[Round "3"]
[White "Diduh, Ihor"]
[Black "Krams, Amatus"]
[Result "0-1"]
[WhiteElo "2058"]
[BlackElo "1902"]
[PlyCount "150"]
[EventDate "2024.08.10"]

1. e4 c6 2. d4 d5 3. Nc3 dxe4 4. Bc4 Nf6 5. f3 Bf5 6. fxe4 Nxe4 7. Nf3 Nd6 8. Bb3 e6 9. O-O Be7 10. Ne5 O-O 11. g4 Bg6 12. Bf4 Nd7 13. Qe2 Nxe5 14. dxe5 Nc8 15. Rad1 Qc7 16. Ne4 Bxe4 17. Qxe4 Bc5+ 18. Kg2 Ne7 19. c4 Ng6 20. Bc2 Rfd8 21. Bg3 Rxd1 22. Rxd1 Rd8 23. Rd3 Nf8 24. a3 Rxd3 25. Bxd3 Qd7 26. b4 Bb6 27. Kf3 a5 28. Be1 axb4 29. axb4 Ng6 30. Bg3 Bc7 31. Ke3 Qe7 32. c5 Qg5+ 33. Kd4 Qd2 34. Kc4 Qa2+ 35. Kc3 Qa1+ 36. Kb3 Bxe5 37. Bxe5 Qxe5 38. Qxe5 Nxe5 39. Be2 Kf8 40. Ka4 Ke8 41. Ka5 Kd8 42. Kb6 Kc8 43. h3 h6 44. Bd1 Nd7+ 45. Ka7 Kc7 46. Bb3 Nf6 47. Bc4 Nd5 48. b5 cxb5 49. Bxb5 f6 50. Be8 g5 51. Bg6 Nf4 52. Be4 Nxh3 53. Bxb7 Nf2 54. Bf3 Nd3 55. Ka6 Nxc5+ 56. Kb5 Kd6 57. Kc4 Nd7 58. Kd4 Nb8 59. Ke4 Kc5 60. Bd1 Nc6 61. Bb3 Kd6 62. Ba4 Ne7 63. Bc2 f5+ 64. Kf3 Ke5 65. Bb1 Ng8 66. Bc2 Nf6 67. gxf5 exf5 68. Bb1 g4+ 69. Kg3 Ne4+ 70. Kg2 Kf4 71. Bd3 h5 72. Bb5 h4 73. Bd7 Ng5 74. Bc8 h3+ 75. Kg1 g3 0-1

[Event "Sparkassen Chess Trophy 2022 A-Open"]
[Site "Dortmund"]
[Date "2024.08.12"]
[Round "3"]
[White "Richters, Marc"]
[Black "Cornelisse, Sam"]
[Result "0-1"]
[WhiteElo "1931"]
[BlackElo "2119"]
[PlyCount "92"]
[EventDate "2024.08.10"]

1. d4 d5 2. c4 e6 3. Nc3 Nf6 4. Bg5 Nbd7 5. e3 h6 6. Bh4 c6 7. Qc2 Qa5 8. f3 dxc4 9. Bxc4 b5 10. Bb3 Bb7 11. Nge2 c5 12. dxc5 Bxc5 13. Nd4 O-O 14. O-O Rac8 15. Ndxb5 Bxe3+ 16. Kh1 Bf4 17. Rad1 Rc5 18. Rd4 Bb8 19. Ra4 Qd8 20. Rd1 Rh5 21. Qf2 Qb6 22. Rad4 Nc5 23. Bc2 a6 24. Nd6 e5 25. R4d2 Qb4 26. Bxf6 Qf4 27. h3 gxf6 28. Nxb7 e4 29. g3 Rxh3+ 30. Kg1 Rxg3+ 31. Qxg3+ Qxg3+ 32. Rg2 Qxg2+ 33. Kxg2 exf3+ 34. Kxf3 Nxb7 35. Nd5 Rd8 36. Rg1+ Kf8 37. Nxf6 Be5 38. Ng4 Bg7 39. Rh1 Rd2 40. Bb3 Na5 41. Bd1 Rxb2 42. a4 Rb6 43. Rh5 Nc6 44. a5 Rb1 45. Ba4 Nd4+ 46. Ke4 f5+ 0-1

[Event "Sparkassen Chess Trophy 2022 A-Open"]
[Site "Dortmund"]
[Date "2024.08.12"]
[Round "3"]
[White "Brunetti, Alberto Fakhri"]
[Black "Akhmatovski, Maxim"]
[Result "0-1"]
[WhiteElo "1942"]
[BlackElo "2078"]
[PlyCount "68"]
[EventDate "2024.08.10"]

1. d4 d5 2. c4 c6 3. Nc3 Nf6 4. cxd5 cxd5 5. Bf4 Nc6 6. e3 a6 7. Be2 Bf5 8. g4 Be4 9. f3 Bg6 10. h4 h6 11. h5 Bh7 12. Bd3 Bxd3 13. Qxd3 e6 14. Nge2 Bd6 15. Rd1 Bxf4 16. Nxf4 Qd6 17. Kf2 O-O-O 18. a3 Na5 19. Rc1 Kb8 20. b4 Nc4 21. Ra1 Rhe8 22. Rhb1 e5 23. dxe5 Nxe5 24. Qd4 Nexg4+ 25. fxg4 Nxg4+ 26. Ke2 Nxe3 27. Kd2 Nf5 28. Qf2 d4 29. Nce2 d3 30. Nc1 Re3 31. Rb3 Qd4 32. Rab1 Re2+ 33. Ncxe2 Qxf2 34. Rxd3 Qe3+ 0-1

[Event "Sparkassen Chess Trophy 2022 A-Open"]
[Site "Dortmund"]
[Date "2024.08.12"]
[Round "3"]
[White "Riechenberg, Sebastian"]
[Black "Kummerow, Heiko"]
[Result "1/2-1/2"]
[WhiteElo "1951"]
[BlackElo "2117"]
[PlyCount "55"]
[EventDate "2024.08.10"]

1. Nf3 Nf6 2. g3 g6 3. b3 Bg7 4. Bb2 O-O 5. Bg2 d6 6. d4 Nbd7 7. c4 Re8 8. O-O c6 9. Nc3 e5 10. dxe5 dxe5 11. Nd2 Qc7 12. Nde4 Bf8 13. Qd2 Nxe4 14. Nxe4 f5 15. Nc3 Nc5 16. Rad1 a5 17. e4 f4 18. Ne2 fxg3 19. Nxg3 Bg4 20. f3 Rad8 21. Qg5 Bc8 22. Bxe5 Qb6 23. Kh1 Nd3 24. Rxd3 Rxd3 25. Qf6 Rxe5 26. Qxe5 Rd2 27. Nh5 Qd4 28. Nf6+ 1/2-1/2

[Event "Sparkassen Chess Trophy 2022 A-Open"]
[Site "Dortmund"]
[Date "2024.08.12"]
[Round "3"]
[White "Gieseler, Felix"]
[Black "Schwibbert, Jonas"]
[Result "0-1"]
[WhiteElo "1960"]
[BlackElo "2147"]
[PlyCount "124"]
[EventDate "2024.08.10"]

1. e4 e5 2. Nf3 Nc6 3. Bc4 Bc5 4. Nc3 Nf6 5. d3 a6 6. Bg5 h6 7. Bxf6 Qxf6 8. Nd5 Qd8 9. a4 d6 10. c3 Ba7 11. O-O O-O 12. Ne3 g6 13. d4 exd4 14. cxd4 Ne7 15. Qb3 Kg7 16. e5 c6 17. Rfe1 d5 18. Bd3 Qb6 19. Qxb6 Bxb6 20. b4 a5 21. b5 c5 22. dxc5 Bxc5 23. Rac1 Bb6 24. Nc2 Bg4 25. Ncd4 Rac8 26. h3 Be6 27. Kf1 Rxc1 28. Rxc1 Rc8 29. Rc2 Rxc2 30. Bxc2 Bd7 31. Bb3 g5 32. Nc2 Be6 33. Ke2 Ng6 34. g3 Bc7 35. Ne3 Ne7 36. Kd2 Bb6 37. Ke2 Bxe3 38. Kxe3 Bxh3 39. Kd4 b6 40. Ne1 Be6 41. Bc2 h5 42. Ng2 Ng6 43. Bxg6 Kxg6 44. f4 Bh3 45. Ne3 gxf4 46. gxf4 Be6 47. f5+ Bxf5 48. Kxd5 h4 49. Kc6 h3 50. Nf1 Bd3 51. Nh2 Bc2 52. Kxb6 Bxa4 53. Kxa5 Bc2 54. b6 Be4 55. Ka6 Kf5 56. b7 Bxb7+ 57. Kxb7 Kxe5 58. Kc6 f5 59. Kc5 Kf4 60. Kd4 Kg3 61. Nf1+ Kf2 62. Ne3 h2 0-1

[Event "Sparkassen Chess Trophy 2022 A-Open"]
[Site "Dortmund"]
[Date "2024.08.12"]
[Round "3"]
[White "Harringer, Manfred"]
[Black "Michalke, Guenter"]
[Result "0-1"]
[WhiteElo "1963"]
[BlackElo "2174"]
[PlyCount "122"]
[EventDate "2024.08.10"]

1. e4 c5 2. Nf3 d6 3. Bb5+ Nd7 4. Ba4 Ngf6 5. O-O a6 6. c4 g6 7. Nc3 Bg7 8. d3 O-O 9. Be3 Rb8 10. Qd2 Ng4 11. Bg5 Nde5 12. Ne1 h6 13. Bh4 Nc6 14. h3 Nf6 15. f4 Ne8 16. Nd5 b5 17. cxb5 axb5 18. Bb3 Nc7 19. Nf3 Nxd5 20. Bxd5 Nb4 21. Bb3 Nxd3 22. Qxd3 c4 23. Qe3 cxb3 24. Qxb3 Be6 25. Qb4 Ra8 26. e5 Ra4 27. Qxb5 Rxf4 28. exd6 Qxd6 29. Bg3 Qb4 30. Qxb4 Rxb4 31. Be5 Bxe5 32. Nxe5 Rxb2 33. a4 Rc8 34. Rf2 Rcc2 35. Rxc2 Rxc2 36. a5 Bd5 37. Nf3 e5 38. a6 e4 39. Ne1 Rc8 40. Kf2 f5 41. Ke3 g5 42. Kd4 Ba8 43. g3 Kf7 44. Ra5 Ke6 45. a7 Rd8+ 46. Ke3 Rd5 47. Rxd5 Kxd5 48. Nc2 Ke5 49. Na3 f4+ 50. gxf4+ gxf4+ 51. Ke2 Kd5 52. Nb5 Kc6 53. Nd4+ Kb6 54. Nf5 Kxa7 55. Nxh6 Kb6 56. Nf5 Kc5 57. h4 Bc6 58. h5 Bd7 59. Ng7 Bg4+ 60. Ke1 e3 61. h6 f3 0-1

[Event "Sparkassen Chess Trophy 2022 A-Open"]
[Site "Dortmund"]
[Date "2024.08.12"]
[Round "3"]
[White "Oest, Thorsten"]
[Black "Labruyere, Roger"]
[Result "0-1"]
[WhiteElo "1977"]
[BlackElo "2189"]
[PlyCount "132"]
[EventDate "2024.08.10"]

1. e4 c5 2. Nc3 d6 3. d4 cxd4 4. Qxd4 Nc6 5. Bb5 Bd7 6. Bxc6 Bxc6 7. Nf3 Nf6 8. Bg5 e6 9. O-O-O h6 10. Bh4 Be7 11. Rhe1 Qc7 12. Bxf6 gxf6 13. Nd5 Bxd5 14. exd5 e5 15. Qd3 Qb6 16. Re2 O-O-O 17. Kb1 Kb8 18. Nh4 Rc8 19. Nf5 Bf8 20. g4 Qc7 21. Ng3 Qd7 22. h3 Be7 23. Re3 Rc7 24. Rf3 Rhc8 25. Rd2 Rc4 26. Qh7 Qc7 27. c3 b5 28. Qxh6 b4 29. Rc2 Qb7 30. Qd2 Bd8 31. Ne2 R8c5 32. Rd3 Ba5 33. b3 e4 34. Rd4 bxc3 35. Qf4 Rxd4 36. Qxd6+ Qc7 37. Qxc7+ Kxc7 38. Nxd4 Rxd5 39. Ne2 Rd3 40. Nf4 Kc6 41. Re2 Rd1+ 42. Kc2 Ra1 43. Rxe4 Rxa2+ 44. Kc1 Rxf2 45. Rd4 Kb6 46. Rc4 Kb5 47. Nd5 Rf3 48. Kc2 Rf2+ 49. Kc1 Rh2 50. Nxc3+ Ka6 51. Nd5 Bd2+ 52. Kd1 Bg5 53. Nc7+ Kb7 54. Rc3 Rd2+ 55. Ke1 Rd7 56. Nb5 Bd2+ 57. Kf2 Bxc3 58. Nxc3 Rd3 59. Ne4 Rxh3 60. Kg1 Re3 61. Nd6+ Kc6 62. Nxf7 Rxb3 63. g5 fxg5 64. Nxg5 a5 65. Ne6 Kd5 66. Nf4+ Kc4 0-1

[Event "Sparkassen Chess Trophy 2022 A-Open"]
[Site "Dortmund"]
[Date "2024.08.12"]
[Round "3"]
[White "Pipiras, Filipa Fortuna"]
[Black "Zamengo, Bruno"]
[Result "1/2-1/2"]
[WhiteElo "2192"]
[BlackElo "1932"]
[PlyCount "73"]
[EventDate "2024.08.10"]

1. d4 Nf6 2. c4 e6 3. Nc3 d5 4. cxd5 exd5 5. Bg5 c6 6. e3 Bd6 7. Bd3 O-O 8. Nge2 Bg4 9. Qc2 h6 10. Bh4 a5 11. h3 Bd7 12. O-O Na6 13. a3 Re8 14. e4 dxe4 15. Nxe4 Be7 16. Bxf6 Bxf6 17. Nd6 Re6 18. Nxb7 Qb6 19. Nc5 Nxc5 20. dxc5 Qxb2 21. Ra2 Qxc2 22. Rxc2 Rb8 23. Ng3 Re5 24. Be4 Rb5 25. Rd1 Be6 26. Rcd2 Rb8 27. Bxc6 Rxc5 28. Bd5 Rxd5 29. Rxd5 Bxd5 30. Rxd5 Rb1+ 31. Kh2 Be5 32. Rd8+ Kh7 33. Rd2 Rb5 34. Rd5 Bc3 35. Rd3 Re5 36. Rd5 Re3 37. Rd3 1/2-1/2

[Event "Sparkassen Chess Trophy 2022 A-Open"]
[Site "Dortmund"]
[Date "2024.08.12"]
[Round "3"]
[White "Boehme, Markus"]
[Black "Lin, Yi"]
[Result "1-0"]
[WhiteElo "2138"]
[BlackElo "1950"]
[PlyCount "57"]
[EventDate "2024.08.10"]

1. e4 d6 2. d4 Nf6 3. Nc3 Nbd7 4. f4 e5 5. Nf3 exd4 6. Qxd4 c6 7. Bd2 Qb6 8. O-O-O Be7 9. g3 O-O 10. h3 d5 11. e5 Nh5 12. Qg1 Bc5 13. Qg2 Be3 14. Na4 Bxd2+ 15. Qxd2 Qc7 16. Rg1 g6 17. Re1 b5 18. Nc3 b4 19. Nd1 Nc5 20. g4 Ne4 21. Qe3 Qa5 22. Kb1 Nhg3 23. f5 Rb8 24. g5 Nc3+ 25. Nxc3 bxc3 26. b3 f6 27. fxg6 hxg6 28. exf6 Rxf6 29. Qe8+ 1-0

[Event "Sparkassen Chess Trophy 2022 A-Open"]
[Site "Dortmund"]
[Date "2024.08.12"]
[Round "3"]
[White "Wagner, Alexej"]
[Black "Lishoy Gengis Paratazham, Dildara"]
[Result "1-0"]
[WhiteElo "2201"]
[BlackElo "1962"]
[PlyCount "151"]
[EventDate "2024.08.10"]

1. d4 d6 2. c4 e5 3. d5 f5 4. e4 Nf6 5. Nc3 Be7 6. exf5 Bxf5 7. Nge2 O-O 8. Ng3 Bg6 9. h4 Nbd7 10. h5 Be8 11. Nf5 Nc5 12. b4 Nce4 13. Nxe4 Nxe4 14. Qg4 Rxf5 15. Qxf5 Nf6 16. Be2 c6 17. O-O Bd7 18. Qd3 Qc8 19. Bg5 Bf5 20. Qb3 Kh8 21. Rac1 Nxd5 22. Bxe7 Nxe7 23. Rfe1 h6 24. Bf3 Qe6 25. Qe3 Bh7 26. c5 Nf5 27. Bg4 Re8 28. Bxf5 Bxf5 29. cxd6 Qxd6 30. Qxa7 Qxb4 31. Rxe5 Rxe5 32. Qb8+ Kh7 33. Qxe5 Qg4 34. f3 Qxh5 35. Rc5 Qh4 36. Qxf5+ Kg8 37. Qe6+ Kh8 38. Qe8+ Kh7 39. Qe4+ Qxe4 40. fxe4 Kg6 41. Kf2 Kf6 42. Kf3 Ke6 43. Rc2 Ke5 44. Ke3 g6 45. a4 h5 46. a5 Kd6 47. Rb2 Kc7 48. Kd4 Kc8 49. e5 Kc7 50. Kc5 Kd7 51. Rxb7+ Ke6 52. Kd4 Kf5 53. a6 g5 54. a7 h4 55. a8=Q Kg4 56. Qa3 Kh5 57. Qd3 c5+ 58. Kxc5 h3 59. Qxh3+ Kg6 60. e6 Kf6 61. e7 Ke5 62. e8=Q+ Kf6 63. Qg8 Ke5 64. Qxg5+ Ke4 65. g3 Kf3 66. Qf4+ Ke2 67. Qhf5 Ke1 68. g4 Ke2 69. g5 Ke1 70. g6 Kd1 71. g7 Ke2 72. g8=Q Ke1 73. Qh2 Kd1 74. Qgg2 Ke1 75. Qff2+ Kd1 76. Rb1# 1-0

[Event "Sparkassen Chess Trophy 2022 A-Open"]
[Site "Dortmund"]
[Date "2024.08.12"]
[Round "3"]
[White "Matsumura, Cocoro"]
[Black "Ohler, Julius"]
[Result "1/2-1/2"]
[WhiteElo "1999"]
[BlackElo "2182"]
[PlyCount "90"]
[EventDate "2024.08.10"]

1. e4 c6 2. d4 d5 3. e5 Bf5 4. h4 Qc7 5. c4 e6 6. Nc3 h6 7. Nge2 Ne7 8. Ng3 Bh7 9. Bd3 Bxd3 10. Qxd3 dxc4 11. Qxc4 Nd7 12. O-O Nb6 13. Qe2 O-O-O 14. Be3 Ned5 15. Nge4 f5 16. exf6 gxf6 17. a4 Nxe3 18. fxe3 f5 19. a5 Nd5 20. Nxd5 Rxd5 21. Nc3 Rxa5 22. Qc4 Kd7 23. d5 exd5 24. Qd3 Rxa1 25. Qxf5+ Kd8 26. Rxa1 Qe7 27. Qf4 Qd6 28. Qd4 Rg8 29. Rxa7 Kc7 30. Qd2 Qe5 31. Na4 Bb4 32. Rxb7+ Kxb7 33. Qxb4+ Kc8 34. Qc5 Qc7 35. Nb6+ Kb8 36. Qb4 Ka7 37. Na4 Rb8 38. Qd4+ Ka8 39. b4 Qa7 40. Nc5 Qa3 41. Qf6 Qxe3+ 42. Kh2 Rc8 43. Qa1+ Kb8 44. Na6+ Kb7 45. Nc5+ Kb8 1/2-1/2

[Event "Sparkassen Chess Trophy 2022 A-Open"]
[Site "Dortmund"]
[Date "2024.08.12"]
[Round "3"]
[White "Riemland, Arnold"]
[Black "Stoll, Lucia"]
[Result "1-0"]
[WhiteElo "2112"]
[BlackElo "1984"]
[PlyCount "135"]
[EventDate "2024.08.10"]

1. Nf3 Nf6 2. g3 d5 3. Bg2 Nbd7 4. c4 dxc4 5. Qa4 a6 6. Qxc4 e6 7. Qc2 c5 8. Nc3 Qc7 9. d4 b5 10. Bf4 Qb6 11. Be3 Bb7 12. O-O Be7 13. h3 O-O 14. Rac1 Rac8 15. Qb1 Rfd8 16. Rfd1 h6 17. g4 b4 18. Na4 Qb5 19. Nxc5 Nxc5 20. dxc5 Rxd1+ 21. Rxd1 Bxc5 22. Nd4 Bxd4 23. Bxb7 Qxb7 24. Bxd4 Ne4 25. f3 Ng5 26. Kg2 Qb5 27. Rd2 e5 28. Be3 Ne6 29. Qf5 Rd8 30. Rxd8+ Nxd8 31. Kf2 Ne6 32. h4 Qd5 33. b3 a5 34. Qc2 Qd8 35. g5 hxg5 36. hxg5 Nf8 37. Qc5 Ng6 38. Qc6 Kh7 39. Qb7 Kg8 40. Qc6 Kh7 41. Qb6 Qd5 42. Qc7 Kg8 43. Bb6 Qd2 44. Qd8+ Qxd8 45. Bxd8 Nf4 46. Bxa5 Nd5 47. e4 Nf4 48. Ke3 Ng2+ 49. Kd2 Kf8 50. Bxb4+ Ke8 51. a4 Nf4 52. a5 Kd7 53. a6 Kc6 54. a7 Kb7 55. Bc5 f6 56. gxf6 gxf6 57. Kc3 Ng2 58. Bf2 Nf4 59. Kc4 Ka8 60. b4 Kb7 61. b5 Ka8 62. b6 Kb7 63. Bh4 Ne6 64. Bxf6 Nd4 65. f4 Nf3 66. fxe5 Nd2+ 67. Kd5 Nf1 68. a8=Q+ 1-0

[Event "Sparkassen Chess Trophy 2022 A-Open"]
[Site "Dortmund"]
[Date "2024.08.12"]
[Round "3"]
[White "Stevens, Titus"]
[Black "Mainka, Gregor"]
[Result "1-0"]
[WhiteElo "2005"]
[BlackElo "2210"]
[PlyCount "41"]
[EventDate "2024.08.10"]

1. c4 e5 2. Nc3 Bb4 3. Nd5 Be7 4. d4 d6 5. e4 Nc6 6. Ne2 f5 7. Nxe7 Qxe7 8. d5 Nb8 9. exf5 Bxf5 10. Ng3 Bg6 11. h4 h5 12. Be2 Qf7 13. Qb3 b6 14. c5 dxc5 15. Bc4 Nf6 16. O-O Qe7 17. d6 Qxd6 18. Rd1 Qe7 19. Bg5 Nbd7 20. Qa4 O-O-O 21. Ba6+ 1-0

[Event "Sparkassen Chess Trophy 2022 A-Open"]
[Site "Dortmund"]
[Date "2024.08.12"]
[Round "3"]
[White "Wickenfeld, Stefan"]
[Black "Della Sala, Bruno"]
[Result "1-0"]
[WhiteElo "2206"]
[BlackElo "2010"]
[PlyCount "103"]
[EventDate "2024.08.10"]

1. Nf3 f5 2. d3 Nc6 3. e4 e5 4. Nc3 Nf6 5. Bg5 Bb4 6. a3 Bxc3+ 7. bxc3 O-O 8. Be2 d6 9. Rb1 h6 10. Be3 Rb8 11. c4 Qe8 12. c3 Qf7 13. exf5 Bxf5 14. Rb2 g5 15. h4 g4 16. Nd2 h5 17. Nf1 b6 18. Ng3 Ne7 19. O-O Qg6 20. Rd2 Bc8 21. d4 e4 22. Qa4 Bd7 23. Qa6 Nf5 24. Nxf5 Qxf5 25. c5 Ra8 26. Qb7 Rfb8 27. Qa6 Kh8 28. cxd6 cxd6 29. c4 Ne8 30. c5 d5 31. Bb5 Nc7 32. Bxd7 Qxd7 33. Qe2 Ne6 34. cxb6 axb6 35. Ra1 Ra4 36. g3 Rba8 37. Rb2 R8a6 38. Qd1 Qd6 39. Qc1 Rc4 40. Qd1 Qc6 41. Rb3 Kh7 42. Kg2 Qa4 43. Qb1 Nxd4 44. Bxd4 Rxd4 45. Rxb6 Rd2 46. Rb8 Rg6 47. Qb7+ Rg7 48. Qc8 Rxf2+ 49. Kxf2 Qd4+ 50. Kg2 Qd2+ 51. Kh1 Qf2 52. Rg1 1-0

[Event "Sparkassen Chess Trophy 2022 A-Open"]
[Site "Dortmund"]
[Date "2024.08.12"]
[Round "3"]
[White "Sheng, Ming"]
[Black "Engel, Bruno"]
[Result "1/2-1/2"]
[WhiteElo "2035"]
[BlackElo "2211"]
[PlyCount "120"]
[EventDate "2024.08.10"]

1. e4 g6 2. d4 Bg7 3. Nf3 c6 4. c3 d6 5. Bd3 Nf6 6. O-O O-O 7. Re1 Qc7 8. Nbd2 e5 9. dxe5 dxe5 10. a4 Rd8 11. Qc2 h6 12. Nc4 Nh5 13. h3 Be6 14. Be3 Nd7 15. a5 b5 16. axb6 axb6 17. Red1 b5 18. Ncd2 Bf8 19. Nf1 Nc5 20. Be2 Rxd1 21. Rxa8 Bb3 22. Qxd1 Bxd1 23. Rxf8+ Kxf8 24. Bxc5+ Kg7 25. Bxd1 Nf6 26. Bc2 Nd7 27. Be3 c5 28. Ng3 Qa5 29. Ne2 Qa2 30. Bc1 b4 31. Nd2 Nb6 32. cxb4 cxb4 33. Bb3 Qa6 34. Kf1 Qd3 35. Ke1 h5 36. Kd1 f6 37. Bc2 Qd6 38. Ke1 Qc6 39. Bb3 Qb5 40. Bc2 Qa6 41. Nf1 Nd7 42. Ne3 Nc5 43. Nd5 Qc4 44. Ne3 Qa2 45. f3 Qa1 46. Kd2 h4 47. Nd5 b3 48. Bd3 Qa7 49. Ne3 Na4 50. Nd1 Qc5 51. Nec3 Qb4 52. Ke2 Nc5 53. Be3 Ne6 54. Nd5 Qa4 55. N5c3 Qa1 56. Bc4 Nd4+ 57. Bxd4 exd4 58. Nd5 Qc1 59. Bxb3 Qg5 60. Kf1 Qd2 1/2-1/2